Tìm hiểu các quy định về luật biển quốc tế : Công ước của Liên Hợp Quốc về luật biển

Shranjeno v:
Bibliografske podrobnosti
Format: Sách giấy
Jezik:Vietnamese
Izdano: TP.HCM : TP.HCM , 1996
Teme:
Oznake: Označite
Brez oznak, prvi označite!
Thư viện lưu trữ: Thư viện Trường Đại học Đà Lạt
LEADER 00666nam a2200253 4500
001 DLU020012686
005 ##5/27/2000
020 # # |a 978- 
041 # # |a vie 
082 # # |a 341.45  |b Tim 
090 # # |a 341.45  |b Tim 
245 # # |a Tìm hiểu các quy định về luật biển quốc tế :  |b Công ước của Liên Hợp Quốc về luật biển 
260 # # |a TP.HCM :  |b TP.HCM ,  |c 1996 
300 # # |a 272 tr.;   |c 20 cm. 
650 # # |a Luật biển  |x Công ước quốc tế. 
992 # # |a 18000 
994 # # |a DLU 
900 # # |a False 
911 # # |a Administrator 
925 # # |a G 
926 # # |a A 
927 # # |a SH 
980 # # |a Thư viện Trường Đại học Đà Lạt